Statistiche per Parole francesi usate anche in Italiano

Clicka qui per fare il quiz!

Statistiche generali

  • Questo quiz è stato fatto 115 volte
  • Il punteggio medio è 11 su 22

Statistiche sulle risposte

IndiziRisposte% Corretto
Parte della casa dedicata
al parcheggio dell'auto
Garage
96%
Capo della brigata di cucinaChef
82%
In alcune parti d'Italia li
chiamiamo "cornetti"
Croissant
82%
Lista di cibiMenu
76%
WCToilette
73%
Abitazione su due ruoteRoulotte
61%
Abito femminile composto da giacca
e gonna
Tailleur
61%
I mangia-baguette non ce l'hannoBidet
60%
Figura retorica che consiste
nella rottura tra verso e unità sintattica
Enjambement
51%
Ciocca di capelli ricolorataMeche
49%
Essere eleganti essere...Chic
48%
Tipico attrezzo da palestraTapis Roulant
43%
"Appuntamento"Rendez-vous
42%
Pavimentazione a "tappeto"Moquette
41%
Può essere dolce o salataCrepe
32%
Lo si dice di un qualcosa di vissutoVintage
30%
Lampada a muroApplique
29%
Autista personaleChauffeur
28%
FiguracciaGaffe
24%
Atteggiamento d'indifferenzaNonchalance
22%
"Il meglio del meglio"La creme de la creme
21%
Pratica di continuitàRoutine
9%

Distribuzione punteggi

Percentile per numero di risposta

Percentuale di utenti per punteggio

I tuoi punteggi nel tempo

Non hai fatto questo quiz